Library Logo

Pioneer International University Library Catalogue

DUNIA TAMBARA MBOVU (Record no. 9666)

MARC details
000 -LEADER
fixed length control field 00421nam a22001457a 4500
003 - CONTROL NUMBER IDENTIFIER
control field OSt
005 - DATE AND TIME OF LATEST TRANSACTION
control field 20251021094637.0
008 - FIXED-LENGTH DATA ELEMENTS--GENERAL INFORMATION
fixed length control field 251021b |||||||| |||| 00| 0 eng d
020 ## - INTERNATIONAL STANDARD BOOK NUMBER
International Standard Book Number 9789966256607
040 ## - CATALOGING SOURCE
Transcribing agency EAST AFRICAN EDUCATIONAL PUBLISHERS
050 ## - LIBRARY OF CONGRESS CALL NUMBER
Classification number PL 6270 .W37 2013
245 ## - TITLE STATEMENT
Title DUNIA TAMBARA MBOVU
Statement of responsibility, etc. WASILWA, SHISIA
260 ## - PUBLICATION, DISTRIBUTION, ETC.
Place of publication, distribution, etc. NAIROBI, KENYA
Name of publisher, distributor, etc. EAST AFRICAN EDUCATIONAL PUBLISHERS
Date of publication, distribution, etc. 2013
942 ## - ADDED ENTRY ELEMENTS (KOHA)
Source of classification or shelving scheme Library of Congress Classification
Koha item type Books
Suppress in OPAC No

No items available.